AutoCAD for engineering graphics

Bibliographic Details
Main Author: Bertoline, Gary R. (Author)
Format: Book
Published: New York : Macmillan , c1994
Edition:2nd ed
Subjects:

MARC

LEADER 00000cam a2200000 7i4500
001 0000018113
005 20050109093000.0
008 021119s1994
020 |a 0023090421 
090 0 0 |a T385   |b .B468 1994 
100 0 |a Bertoline, Gary R. ,   |e author 
245 1 0 |a AutoCAD for engineering graphics   |c Gary R. Bertoline 
250 |a 2nd ed 
260 2 |a New York :   |b Macmillan ,   |c c1994 
300 |a xiv, 578 p. ;   |c 28 cm. 
504 |a Includes index 
630 0 0 |a AutoCAD (Computer file) 
650 0 |a Computer graphics 
999 |a 1000021694   |b Book   |c OPEN SHELF (30 DAYS)   |e Gong Badak Campus